| 000 | 00442nab a2200145Ia 4500 | ||
|---|---|---|---|
| 003 | ES-SlBCS | ||
| 005 | 20210601151055.0 | ||
| 008 | 140529s2004 xxu||||| |||| 00| 0 und d | ||
| 041 | _aooo | ||
| 100 | 1 |
_aPawlikowski, Tomasz _9329871 |
|
| 245 | 0 | 0 |
_aKoncepcja nauki w traktacie O teologii jako nace Alberta Wielkiego _c Tomasz Pawlikowski |
| 650 | 0 | 4 |
_aTeología _91600 |
| 773 | 0 |
_tParerga _gnº. 2, 2004, págs. 101-122 _wRev1522 |
|
| 942 | _cAR | ||
| 999 |
_c751355 _d751355 |
||